Contextos proyectuales (Registro nro. 21806)
[ vista simple ]
| 000 -Cabecera | |
|---|---|
| Campo de control interno | 00891nam a2200265Ia 4500 |
| 005 - Fecha y hora del registro | |
| control field | 20260320113314.0 |
| 008 - Elementos de Longitud Fija | |
| fixed length control field | 260320s9999||||xx |||||||||||||| ||und|| |
| 020 ## - ISBN | |
| ISBN | 9786124443572 |
| 041 ## - Idioma | |
| Codigo Idioma | ESP |
| 082 ## - DEWEY y NOTACIÓN INTERNA | |
| Dewey | 725 |
| Notación Interna | C28 |
| 100 ## - AUTOR | |
| Autor denominación | Cargol Noguer, Josep, |
| Término de relación | |
| 245 #0 - TÍTULO DE MATERIAL BIBLIOGRÁFICO | |
| Título | Contextos proyectuales |
| Título paralelo | |
| 246 ## - TÍTULO TRADUCIDO | |
| Título | |
| Título paralelo | |
| Autor | |
| 250 ## - EDICIÓN | |
| Edición | Primera edición |
| 260 ## - CIUDAD, EDITORIAL, AÑO | |
| Ciudad | Huancayo : |
| Nombre de la Editorial | Universidad Continental. Fondo Editorial, |
| Año | 2023 |
| 300 ## - DESCRIPCIÓN | |
| N° Páginas | 315 páginas : |
| Otros detalles | fotografías, mapas ; |
| Dimensiones | 23 cm. |
| Material Adicional | |
| 440 ## - MENCIÓN DE SERIE | |
| Título de la Serie | (Infraestructuras territoriales |
| Número de Serie | |
| Volumen de Serie | ; volumen 1) |
| 650 ## - TEMAS | |
| Temas | Las Artes |
| 653 ## - DESCRIPTORES | |
| Lenguajes no controlado | Infraestructura; Proyectos de arquitectura; Inversiones públicas |
| 654 ## - PROGRAMAS | |
| Programa | Dpto. Arquitectura y Urbanismo |
| 700 ## - OTROS AUTORES | |
| Otros autores | |
| Títulos y otras palabras asociadas con el nombre | |
| 856 ## - URL - UBICACIÓN | |
| URI/URL: Enlace exacto del recurso | <a href="https://www-architectureopenlibrary-com.ucsp.lookproxy.com/">https://www-architectureopenlibrary-com.ucsp.lookproxy.com/</a> |
| Nota pública: Versión digital | <a href="Véase además: Base de datos A+T Architecture Publishers">Véase además: Base de datos A+T Architecture Publishers</a> |
| 942 ## - ELEMENTOS DE KOHA | |
| Tipo de documento | Libro |
| Nombre del creador | Justo Noguera |
| Código de catalogador | Margarita Torres |
| Esquema de clasificación | Dewey Decimal Classification |
| Suppress in OPAC | |
| Codigo completo | Registro | Colección | Copia número | Disponibilidad | Tipo de préstamo | Biblioteca Actual | Procedencia (Biblioteca) | Ubicacón | Fecha Ingreso | Tipo de Adquisición | Observación | Date last seen | Total checkouts | Date last checked out | Price effective from | Tipo de Item | Estado del Material | Fuente de Clasificación | Damaged status | Withdrawn status |
|---|---|---|---|---|---|---|---|---|---|---|---|---|---|---|---|---|---|---|---|---|
| 725 C28 | 1085366 | Universidad Católica San Pablo | 1 | Disponible | Disponible | Víctor Andrés Belaunde | Víctor Andrés Belaunde | Segundo piso | 10/03/2026 | Donación | Josep Cargol | 07/04/2026 | 1 | 01/04/2026 | 20/03/2026 | Libro | Bueno | Dewey Decimal Classification |




